000 01403cam a2200337 i 4500
999 _c2847
_d2847
001 1028410
003 OCoLC
005 20230823154945.0
008 181016s2018 enkab j 000 0 eng d
020 _a9780194624589
_q(pbk.)
020 _a0194624587
_q(pbk.)
035 _a(OCoLC)1057122694
035 _a1057122694
040 _aOVY
_beng
_erda
_cOVY
_dYDX
_dOCLCF
_dUKMGB
_dOCLCQ
_dCNWPU
_dNZAUC
_dPTTCL
_dKH8
042 _anbic
082 0 4 _a306.2 RAY
_223
100 1 _aRaynham, Alex,
_eauthor.
245 1 0 _aGlobal Issues /
_cAlex Raynham and Rachel Bladon.
260 _aOxford :
_bOxford University Press,
_c©2018.
300 _a75 pages :
_bcolor illustrations ;
_c22 cm.
490 1 _aOxford bookworms library. Stage 3, Factfiles.
500 _aIncludes glossary and activities guide.
520 _aOur world is changing fast. We can travel and speak to people around the world, and use computers to do all kinds of things. But in some places, children go to bed hungry at night, and cannot drink clean water. And many species of animals and plants are now in danger as our climate changes and pollution worsens.
650 0 _aReaders.
650 0 _aHigh interest-low vocabulary books.
650 0 _aSocial problems
_y21st century.
655 0 _aReaders (Adult)
700 1 _aBladon, Rachel,
_eauthor.
830 0 _aOxford bookworms library.
_pFactfiles.
_nStage 3.
942 _2ddc
_cTR